| 000 | 00430nam a2200157 i 4500 | ||
|---|---|---|---|
| 001 | 44109 | ||
| 003 | ES-MaACL | ||
| 005 | 20230906160946.0 | ||
| 007 | t| | ||
| 008 | 030320s1931 sp ||||1| spa d | ||
| 100 | 1 |
_aCestero, Tulio M. _937698 |
|
| 245 | 1 | 0 |
_aEstados Unidos y las Antillas / _cTulio M. Cestero. |
| 260 |
_aMadrid : _b[s.n., _c1931] ( _fArtes Gráficas) |
||
| 300 |
_a231 p. ; _c20 cm. |
||
| 852 |
_aES-MaACL _jB-12261 |
||
| 999 |
_c44109 _d44109 |
||